All Italian Premier League Players Ever - Statistics

General Stats
  • This quiz has been taken 79 times
    23 since last reset
  • The average score is 21 of 91
Answer Stats
Position Clubs Years Player % Correct
ATT Man City, Liverpool 2010-13, 2014-15 Mario Balotelli
95%
ATT Chelsea 1996-2003 Gianfranco Zola
79%
GK Man City 2025-present Gianluigi Donnarumma
79%
DEF Manchester United 2015-19 Matteo Darmian
79%
MID Newcastle 2023-present Sandro Tonali
74%
DEF West Ham 2015-24 Angelo Ogbonna
68%
ATT Liverpool 2024-present Federico Chiesa
68%
GK Spurs 2023-present Guglielmo Vicario
68%
DEF Arsenal 2024-present Riccardo Calafiori
68%
MID Chelsea, Arsenal 2018-25 Jorginho
63%
ATT Everton 2019-22 Moise Kean
63%
DEF Spurs 2023-present Destiny Udogie
58%
DEF Chelsea, West Ham 2017-present Emerson
58%
DEF Chelsea 2017-19 Davide Zappacosta
47%
ATT Chelsea, Liverpool, Sunderland 2009-10, 2012-17 Fabio Borini
47%
GK Chelsea, Spurs 1999-2011 Carlo Cudicini
42%
ATT Chelsea 1996-99 Gianluca Vialli
42%
ATT Southampton 2014-16 Graziano Pelle
42%
ATT Sheff Wed, West Ham, Charlton 1997-2004 Paolo Di Canio
42%
MID Chelsea 1996-2001 Roberto Di Matteo
42%
ATT Leeds 2022-23, 2025-present Wilfried Gnonto
42%
MID Chelsea 2023-24 Cesare Casadei
37%
ATT Manchester United, QPR 2008-12 Federico Macheda
37%
ATT Manchester United, Newcastle 2005-07 Giuseppe Rossi
37%
DEF Everton 1998-99 Marco Materazzi
32%
DEF Brentford 2024-present Michael Kayode
32%
MID Liverpool 2009-10 Alberto Aquilani
26%
ATT Middlesbrough, Derby 1996-97, 2001-02 Fabrizio Ravanelli
26%
ATT West Ham 2022-23 Gianluca Scamacca
26%
ATT Wolves 2019-21 Patrick Cutrone
26%
MID Crystal Palace 1997-98 Attilio Lombardo
21%
DEF Newcastle 2011-14 Davide Santon
21%
DEF Brighton 2025-present Diego Coppola
21%
ATT Forest 2025-present Lorenzo Lucca
21%
ATT Southampton 2016-19 Manolo Gabbiadini
21%
GK Manchester United 1999-2000 Massimo Taibi
21%
MID Aston Villa 2023-24 Nicolo Zaniolo
21%
ATT West Ham 2016-17 Simone Zaza
21%
GK Arsenal, Sunderland 2008-10, 2012-17 Vito Mannone
21%
DEF Newcastle, Everton 1997-2006 Alessandro Pistone
16%
DEF Liverpool, Sunderland 2008-10, 2013-14 Andrea Dossena
16%
DEF Hull City 2016-17 Andrea Ranocchia
16%
ATT Sheff Wed, Aston Villa, Bradford, Derby, Middlesbrough 1996-2002 Benito Carbone
16%
DEF Leicester 2024-25 Caleb Okoli
16%
MID Sunderland 2013-15 Emmanuele Giaccherini
16%
MID Spurs 1997-99 Nicola Berti
16%
DEF Forest 2025-present Nicolo Savona
16%
ATT Chelsea 1998-99 Pierluigi Casiraghi
16%
MID Chelsea 1999-2002 Samuele Dalla Bona
16%
DEF Chelsea 2000-01 Christian Panucci
11%
ATT Southampton 2013-15 Dani Osvaldo
11%
DEF Liverpool 2006-07 Gabriel Paletta
11%
ATT Middlesbrough 2002-04, 2005-07 Massimo Maccarone
11%
DEF Everton 2005-06 Matteo Ferrari
11%
ATT Leicester 2000-01 Roberto Mancini
11%
MID/ATT West Ham, Watford 2008-10, 2015-16 Alessandro Diamanti
5%
ATT Forest 1995-97 Andrea Silenzi
5%
MID West Ham 2013-14 Antonio Nocerino
5%
ATT Arsenal 2005-06 Arturo Lupoli
5%
ATT Man City 2006-07 Bernardo Corradi
5%
GK Liverpool 2006-07 Daniele Padelli
5%
MID Blackburn 2003-04 Dino Baggio
5%
DEF Brighton 2017-18, 2019-20 Ezequiel Schelotto
5%
ATT Sheff Wed 1997-99 Francesco Sanetti
5%
MID Chelsea 1999-2000 Gabriele Ambrosetti
5%
DEF Blackburn 2003-05 Lorenzo Amoruso
5%
MID/ATT Burnley 2023-24 Luca Koleosho
5%
GK Chelsea 2003-04 Marco Ambrosio
5%
ATT West Ham 2013-14 Marco Borriello
5%
ATT Crystal Palace 1997-98 Michele Padovano
5%
MID Manchester United 2008-09 Rodrigo Possebon
5%
ATT Fulham, Watford 2009-10, 2016-19 Stefano Okaka
5%
ATT Fulham 2006-07 Vincenzo Montella
5%
ATT Swansea 2015-16 Alberto Paloschi
0%
DEF Newcastle 2018-19 Antonio Barreca
0%
ATT Blackburn 2001-04 Corrado Grabbi
0%
DEF Derby 2001-02 Daniele Daino
0%
MID Blackburn 1998-99 Dario Marcolin
0%
ATT West Ham 2008-09 David Di Michele
0%
ATT Derby 1997-2000 Francesco Baiano
0%
DEF Middlesbrough 1996-97, 1998-2002 Gianluca Festa
0%
MID Crystal Palace 1997-98 Ivano Bonetti
0%
ATT Fulham 2011-12 Marcello Trotta
0%
ATT Middlesbrough 1998-99 Marco Branca
0%
GK Ipswich 2001-02 Matteo Sereni
0%
ATT Crystal Palace 2004-05 Nicola Ventola
0%
DEF Spurs 1998-99 Paolo Tramezzani
0%
MID Crystal Palace 1997-98 Patrizio Billio
0%
ATT Man City 2007-08 Rolando Bianchi
0%
MID Derby 1997-2001 Stefano Eranio
0%
ATT Coventry 1998-99 Stefano Gioacchini
0%
No matching quizzes found
Score Distribution
Percent of People with Each Score
Percentile by Number Answered
Your Score History
You have not taken this quiz since the last reset